Ingeniería mecánica : dinámica
Đã lưu trong:
| Tác giả chính: | |
|---|---|
| Tác giả khác: | |
| Định dạng: | Sách |
| Ngôn ngữ: | Spanish |
| Được phát hành: |
Barcelona : Reverté,
c2001
|
| Những chủ đề: | |
| Các nhãn: |
Thêm thẻ
Không có thẻ, Là người đầu tiên thẻ bản ghi này!
|
MARC
| LEADER | 00000nam a2200000Ia 4500 | ||
|---|---|---|---|
| 003 | 000424 | ||
| 005 | 20221231144023.0 | ||
| 008 | 140114s2001 sp a 000 ||spa d | ||
| 020 | |a 8429142568 | ||
| 040 | |c cru CEDI | ||
| 082 | |a 620.105.4 R573i | ||
| 100 | |a Riley, William Franklin, 1925-2000 |9 19610 | ||
| 245 | |a Ingeniería mecánica : dinámica | ||
| 260 | |a Barcelona : Reverté, |c c2001 | ||
| 300 | |a xxiv,580 páginas ; ilustraciones a color | ||
| 500 | |a Título original: Engineering mechanics. Dynamics | ||
| 650 | |x INGENIERÍA MECÁNICA |9 19612 | ||
| 700 | |a Sturges, Leroy D |9 19611 | ||
| 942 | |2 ddc |c BK | ||
| 999 | |c 15723 |d 15723 | ||



